| 000 | 00874cam0 22002651ib4500 | ||
|---|---|---|---|
| 001 | BY-MI0022-br72580 | ||
| 005 | 20240229111505.0 | ||
| 035 | ^a(BY-MI0022)BY-MI0022-br72580 | ||
| 100 | ^a20200618d1978 y0rusy50 ca | ||
| 101 | 0 | ^arus | |
| 102 | ^aRU | ||
| 105 | ^aa z 000yy | ||
| 109 | ^ada | ||
| 200 | 1 |
^aО И.Ф.Стравинском и его близких ^bТекст ^fК.Ю.Стравинская ^gхудож. А.И.Приймак |
|
| 210 |
^aЛ. ^cМузыка ^d1978 |
||
| 215 | ^a232с. | ||
| 686 |
^a85.313(2) ^v2 ^2rubbk |
||
| 690 |
^a1 ^2Base ^9BY-MI0022 ^xRSEK |
||
| 700 | 1 |
^aСтравинская ^bК. Ю. |
|
| 701 | 1 |
^aПриймак ^bА. И. |
|
| 801 | 0 |
^aBY ^bBY-MI0022 ^c20200618 ^gpsbo |
|
| 801 | 2 |
^aBY ^bBY-MI0022 ^c20240219 ^gpsbo |
|
| 899 |
^aBY-MI0022 ^h85.313(2) ^iС 83 |
||